Catalog

Record Details

Catalog Search



Lucien Leuwen  Cover Image Book Book

Lucien Leuwen / Stendhal ; Ze [stejnojm.] franc. orig. přel. Břetislav Štorm a Miroslav Drápal ; J.O. Fischer: Román ze zákulisí "krále bankéřů", doslov

Stendhal, 1783-1842 (Author). Drápal, Miroslav, 1916-1991 (Translator). Fischer, Jan Otokar, 1923-1992 (Author of introduction, etc.). Štorm, Břetislav, 1916-1974 (Translator).

Record details

  • Physical Description: 613, [3] s. ; 8°
  • Edition: 2. vyd. v Odeonu
  • Publisher: Praha : Odeon, 1974

Content descriptions

General Note:
Vazba: Milan Hegar
Orig.: Lucien Leuwen
50000 výt.
Pozn.

Available copies

  • 1 of 1 copy available at Common Catalog SPOK.

Holds

  • 0 current holds with 1 total copy.
Show All Copies
Location Call Number / Copy Notes Barcode Shelving Location Status Due Date
KDS Library 810 Ste 204576802052 Library Available -

LDR 01122nam a22003131 4500
00121604
003CZ-PrJAB
00520150715092854.0
008970523s1974 xr cze
015 . ‡acnb000160778
035 . ‡a(CZ PrNK)bk197405070
035 . ‡a(OCoLC)42118375
040 . ‡aABA001 ‡bcze ‡cOLA001 ‡dABA001
0411 . ‡acze ‡hfre
080 . ‡a840-311.2+92 Stendhal ‡2undef
1001 . ‡aStendhal, ‡d1783-1842 ‡7jn19990008232 ‡4aut
24510. ‡aLucien Leuwen / ‡cStendhal ; Ze [stejnojm.] franc. orig. přel. Břetislav Štorm a Miroslav Drápal ; J.O. Fischer: Román ze zákulisí "krále bankéřů", doslov
250 . ‡a2. vyd. v Odeonu
260 . ‡aPraha : ‡bOdeon, ‡c1974 ‡f(Rudé právo)
300 . ‡a613, [3] s. ; ‡c
500 . ‡aVazba: Milan Hegar
500 . ‡aOrig.: Lucien Leuwen
500 . ‡a50000 výt.
500 . ‡aPozn.
7001 . ‡aDrápal, Miroslav, ‡d1916-1991 ‡7jk01022983 ‡4trl
7001 . ‡aFischer, Jan Otokar, ‡d1923-1992 ‡7jk01031265 ‡4aui
7001 . ‡aŠtorm, Břetislav, ‡d1916-1974 ‡7jk01131505 ‡4trl
910 . ‡aABE463
964 . ‡aStendhal (1783-1842 spisovatel franc.) - život a dílo
998 . ‡a000160778
901 . ‡a21604 ‡b ‡c21604 ‡tbiblio

Additional Resources